Tous les joueurs belges de la CDM 2022 - Statistiques

Statistiques générales
  • Ce quiz a été pris 156 fois
  • Le résultat moyen est 19 sur 26
Statistiques - réponses
Poste Club Joueur % Correct
G Real Madrid Courtois
99%
Mil Dortmund Hazard
93%
Att Real Madrid Hazard
93%
Mil Manchester city De bruyne
91%
Att Inter Milan Lukaku
91%
Att Lens Openda
89%
Mil Atletico Witsel
87%
Att Rennes Doku
84%
Def Dortmund Meunier
78%
Mil Atletico Carrasco
77%
G Wolfsburg Casteels
77%
G Brugge Mignolet
77%
Def Rennes Theate
77%
Def Leicester Faes
74%
Mil Everton Onana
73%
Mil Leicester Tielemans
73%
Att Galatasaray Mertens
71%
Att Brighton Trossard
69%
Def Anvers Alderweireld
68%
Def Leicester Castagne
66%
Mil Brugge Vanaken
62%
Att Fenerbace Batshuayi
61%
Def Anderlecht Verthongen
55%
Def Anderlecht Debast
53%
Def Wolverhampton Dendoncker
53%
Att Ac Milan De ketelaere
52%
Aucun quiz correspondant
Distribution des résultats
% des personnes avec chaque résultat
Percentile par nombre de réponses
Votre historique - résultats
Vous n’avez pas pris ce quiz